| 000 | 00680cam a22002413a 4500 | ||
|---|---|---|---|
| 001 | 2029 | ||
| 003 | PGUSA | ||
| 005 | 20140828083009.0 | ||
| 008 | 000101s2000||||xxu|||||s|||||000 1 eng d | ||
| 040 |
_aPGUSA _beng |
||
| 042 | _adc | ||
| 050 | 4 | _aPS | |
| 100 | 1 |
_aEllis, J. Breckenridge _q(John Breckenridge), _d1870-1956 |
|
| 245 | 1 | 0 |
_aLahoma _h[electronic resource] / _cJ. Breckenridge Ellis |
| 260 |
_bProject Gutenberg, _c2000 |
||
| 506 | _aPublic domain in the USA. | ||
| 516 | _aElectronic text | ||
| 653 | _aOklahoma -- Fiction | ||
| 653 | _aHistorical fiction | ||
| 830 | 0 |
_aProject Gutenberg _v2029 |
|
| 856 | 4 | 0 | _uhttp://www.gutenberg.org/ebooks/2029 |
| 942 | _cEB | ||
| 999 |
_c231368 _d231368 |
||